000
00277nam a22001337a 4500
999
_c
2
_d
2
020
_a
9781292060439
082
_a
337
100
_a
Krugman, Paul R.
245
_a
International Trade
250
_a
10th ed.
260
_a
Bostan
_b
Pearson
_c
2015
300
_a
360p.
_b
:ill
942
_c
BK